Thomas Wolfe as I knew him : and other essays.

Bibliographic Details
Main Author: Fisher, Vardis, 1895-1968
Format: Book
Language:English
Published: Denver : A. Swallow, [1963]
Subjects:

MARC

Tag First Indicator Second Indicator Subfields
LEADER 00000cam a2200000 4500
001 in00000033839
005 20151007063328.0
008 720413s1963 cou 00000 eng u
010 |a  63021866  
035 |a (OCoLC)00283922 
035 |9 AAD7126AM 
040 |c WSU  |d TXA  |d UtOrBLW 
049 |a TXAM  |c [369236] 
050 0 |a PS3511.I744  |b A16 1963 
092 |a 814  |b F537t 
100 1 |a Fisher, Vardis,  |d 1895-1968. 
245 1 0 |a Thomas Wolfe as I knew him :  |b and other essays. 
264 1 |a Denver :  |b A. Swallow,  |c [1963] 
300 |a 166 pages ;  |c 23 cm. 
336 |a text  |b txt  |2 rdacontent 
337 |a unmediated  |b n  |2 rdamedia 
338 |a volume  |b nc  |2 rdacarrier 
600 1 0 |a Wolfe, Thomas,  |d 1900-1938. 
999 |a MARS 
999 f f |s 093cbe79-540b-3799-be37-4d24a2281fde  |i 42758b0d-71a7-3fa0-94c1-8dc2848d1dc5  |t 0 
952 f f |p ric  |a Texas A&M University  |b Rellis Campus  |c Joint Library Facility  |d Remote Storage  |t 0  |e PS3511.I744 A16 1963  |h Library of Congress classification  |i unmediated -- volume  |m A14801258132 
998 f f |a PS3511.I744 A16 1963  |t 0  |l Remote Storage